Thi đấu cao thượng
Сохранить в:
| Главный автор: | |
|---|---|
| Формат: | |
| Язык: | Vietnamese |
| Опубликовано: |
H.
Thể dục thể thao
1986
|
| Метки: |
Добавить метку
Нет меток, Требуется 1-ая метка записи!
|
| Thư viện lưu trữ: | Mạng thư viện Đại học Đà Nẵng |
|---|
| LEADER | 00885nam a2200277 4500 | ||
|---|---|---|---|
| 001 | 000014074 | ||
| 003 | 10428 | ||
| 005 | 20120328140301.0 | ||
| 008 | 120328s1986 viesd | ||
| 020 | |c 0 | ||
| 041 | 0 | |a vie | |
| 082 | |a 796.06 |b TA-J | ||
| 100 | 0 | |a Tadeusz OLszanski-Jan Lis | |
| 245 | 0 | |a Thi đấu cao thượng |c Tadeusz OLszanski-Jan Lis | |
| 260 | |a H. |b Thể dục thể thao |c 1986 | ||
| 300 | |a 177 tr. |c 19 cm | ||
| OWN | |a LSP | ||
| AVA | |a UDN50 |b LSP |d 796.06 TA-J |e available |t Error 5001 Not defined in file expand_doc_bib_avail. |f 2 |g 0 |h N |i 0 |k 1 | ||
| 999 | |a From the UDN01 | ||
| AVA | |a UDN50 |b LSP |d 796.06 TA-J |e available |t Error 5001 Not defined in file expand_doc_bib_avail. |f 2 |g 0 |h N |i 0 |k 1 | ||
| TYP | |a Monograph | ||
| TYP | |a Printed language | ||
| 980 | |a Mạng thư viện Đại học Đà Nẵng | ||